State Policy to Overcome Market Failures in the Field of Innovation
Problém zlyhaní trhu v inováciách a vládne riešenia týchto výziev. Neoklasické pozície súvisiace s oblasťou inovačnej politiky a Rakúska škola. Vytváranie inovačných klastrov v Rusku.
Gespeichert in:
| 1. Verfasser: | |
|---|---|
| Format: | Buchkapitel |
| Sprache: | Englisch |
| Schlagworte: | |
| Tags: |
Keine Tags, Fügen Sie das erste Tag hinzu!
|
MARC
| LEADER | 00000naa a2200000 4500 | ||
|---|---|---|---|
| 001 | 0284668 | ||
| 005 | 20240417075208.0 | ||
| 041 | 0 | |a eng | |
| 044 | |a SK | ||
| 245 | 1 | 0 | |a State Policy to Overcome Market Failures in the Field of Innovation |c Kirill Tyurchev |
| 520 | |a Problém zlyhaní trhu v inováciách a vládne riešenia týchto výziev. Neoklasické pozície súvisiace s oblasťou inovačnej politiky a Rakúska škola. Vytváranie inovačných klastrov v Rusku. | ||
| 610 | 2 | 0 | |a politika vedecká |
| 610 | 2 | 0 | |a politika inovačná |
| 610 | 2 | 0 | |a klaster |
| 100 | 1 | |a Tyurchev, Kirill | |